| 000 | 00606nam a2200193 a 4500 | ||
|---|---|---|---|
| 005 | 20140412111300.0 | ||
| 008 | 000831s19uu xx 00 eng d | ||
| 020 | _a0-15-331237-8 | ||
| 050 |
_aBB _bLi727 1989 |
||
| 245 |
_aThe Lion and the mouse : _cillustrated by Christa Kieffer. _ban aesop's fable / |
||
| 260 |
_aOrlando, Florida : _bHarcourt Brace Jovanovich, Inc, _c1989. |
||
| 300 | _a8 p. ; ill. | ||
| 440 | _aHBJ Reading Program | ||
| 500 | _aIllustrated picture book | ||
| 650 | _aLions stories-Fiction | ||
| 650 | _aChildrens stories | ||
| 650 | _aMouse stories-Fiction | ||
| 999 |
_c103330 _d103330 |
||